The letters of Paul to the Romans: (Record no. 15980)

000 -LEADER
fixed length control field 00635nam a2200181 a 4500
001 - CONTROL NUMBER
control field :::00018574$&:&@@
003 - CONTROL NUMBER IDENTIFIER
control field OkBaRHE
005 - DATE AND TIME OF LATEST TRANSACTION
control field 20001114114059.0
008 - FIXED-LENGTH DATA ELEMENTS--GENERAL INFORMATION
fixed length control field s1985 j 000 0 eng u
040 ## - CATALOGING SOURCE
Transcribing agency
100 1# - MAIN ENTRY--PERSONAL NAME
Personal name Bruce, F. F.
245 14 - TITLE STATEMENT
Title The letters of Paul to the Romans:
Remainder of title an introduction and commentary.
260 ## - PUBLICATION, DISTRIBUTION, ETC. (IMPRINT)
Place of publication, distribution, etc Grand Rapids, MI., :
Name of publisher, distributor, etc Wm. B. Eerdmans Publishing Co.
Date of publication, distribution, etc 1985
300 ## - PHYSICAL DESCRIPTION
Extent 274 p.
650 ## - SUBJECT ADDED ENTRY--TOPICAL TERM
Topical term or geographic name as entry element Rev. ed. of: The Epistle of Paul to the Romans. 1st ED. 1963
942 ## - ADDED ENTRY ELEMENTS (KOHA)
Source of classification or shelving scheme
Koha item type Books
Copies
Lost status Copy number Permanent Location Not for loan Koha item type Damaged status Date acquired Full call number Shelving location Price effective from Barcode Source of classification or shelving scheme Withdrawn status Date last seen
 1RHEMA Bible Training College Books 2010-04-14BS 2695.3 .B694General Stacks2010-04-1418574  2018-04-03